Lineární obvody

Gespeichert in:
Bibliographische Detailangaben
1. Verfasser: Rieger, František (Verfasst von)
Format: Buch
Sprache:Tschechisch
Veröffentlicht: Praha : SNTL, 1967
Ausgabe:1. vyd.
Tags: Tag hinzufügen
Keine Tags, Fügen Sie das erste Tag hinzu!

MARC

LEADER 00000nam a22000003a 4500
001 stu53355
005 20150617225702.8
008 000427s1967----cs------------------cze-d
040 |a STU  |b slo 
041 0 |a cze 
044 |a cs 
080 |a 621.372(075) 
100 1 |a Rieger, František  |4 aut 
245 1 |a Lineární obvody 
250 |a 1. vyd. 
260 |a Praha :  |b SNTL,  |c 1967 
300 |a 387 s 
996 |b 284EK04283  |c E*17215  |l EE01  |s A  |a 24  |w stu53355_0001 
996 |b 284EK04285  |c E*16374  |l EE0101  |s P  |a 0  |w stu53355_0003